000 00975cam a2200217 4500
001 WS159059
008 020117n 000 0 eng u
035 _a(Sirsi) u159059
041 0 _aeng
110 2 _aHistoric England
_96175
245 _aHistoric England
_bResearch reports
520 _aGateway for the Historic England Research Report Series offers research reports undertaken by Historic England as well as work funded by them but undertaken by other organisations.
650 _aENGLISH HERITAGE
650 _aBUILT ENVIRONMENT-BUILDING TYPES-ANCIENT MONUMENTS AND HISTORIC BUILDINGS-LISTED BUILDINGS
650 _aHISTORIC PROPERTIES RESTORATION
650 _aHistoric buildings
690 _aConservation and restoration
690 _aBUILT ENVIRONMENT-BUILDING MAINTENANCE AND REFURBISHMENT-BUILDING CONSERVATION
856 4 0 _uhttps://research.historicengland.org.uk/
_zView the website free of charge at research.historicengland.org.uk...
942 _n0
999 _c121047
_d121047